Statistiques concernant Capitales d'Europe par image

Cliquez ici pour prendre le quiz!

Statistiques générales

  • Ce quiz a été pris 55 fois
  • Le résultat moyen est 13 sur 44

Statistiques - réponses

Réponse% Correct
Londres
90%
Bruxelles
83%
Paris
83%
Rome
79%
Moscou
77%
Athènes
71%
Amsterdam
67%
Lisbonne
60%
Copenhague
54%
Bucarest
38%
La Valette
38%
Reykjavik
38%
Prague
35%
Berlin
33%
Monaco
31%
Madrid
29%
Oslo
27%
Varsovie
27%
Berne
25%
Sofia
25%
Helsinki
23%
Stockholm
23%
Budapest
21%
Kiev
21%
Riga
21%
Vaduz
21%
Vienne
17%
Dublin
15%
Luxembourg
15%
Chișinău
13%
Saint-Marin
13%
Sarajevo
13%
Tirana
13%
Zagreb
13%
Bratislava
10%
Ljubljana
10%
Minsk
10%
Pristina
10%
Tallinn
10%
Vilnius
10%
Podgorica
8%
Andorre-la-Vieille
6%
Belgrade
6%
Skopje
4%

Distribution des résultats

Percentile par nombre de réponses

% des personnes avec chaque résultat

Votre développement - résultats

Vous n’avez pas pris ce quiz